书目信息 |
| 题名: |
汽车制造工艺基础
|
|
| 作者: | 王永伦 主编 | |
| 分册: | ||
| 出版信息: | 北京 机械工业出版社 2017.8 |
|
| 页数: | 255页 | |
| 开本: | 26cm | |
| 丛书名: | ||
| 单 册: | ||
| 中图分类: | U466 | |
| 科图分类: | ||
| 主题词: | 汽车--生产工艺--高等职业教育--教材 , 汽车 | |
| 电子资源: | ||
| ISBN: | 978-7-111-36742-0 | |
| 000 | 00839nam0 2200253 450 | |
| 001 | 0400002227 | |
| 005 | 20171020142834.0 | |
| 010 | @a978-7-111-36742-0@dCNY39.90 | |
| 100 | @a20120417d2017 em y0chiy50 ea | |
| 101 | 0 | @achi |
| 102 | @aCN@b110000 | |
| 105 | @aa z 000yy | |
| 106 | @ar | |
| 200 | 1 | @a汽车制造工艺基础@9qi che zhi zao gong yi ji chu@f王永伦主编 |
| 210 | @a北京@c机械工业出版社@d2017.8 | |
| 215 | @a255页@c图@d26cm | |
| 300 | @a高等职业教育“十二五”规划教材 汽车类 | |
| 330 | @a本书介绍了汽车制造工艺过程基本知识、机床夹具、工件的定位与装夹、机械加工质量、机械加工工艺规程、汽车车身制造工艺等十个方面内容。 | |
| 606 | 0 | @a汽车@x生产工艺@x高等职业教育@j教材 |
| 606 | 0 | @a汽车 |
| 690 | @aU466@v5 | |
| 701 | 0 | @a王永伦@9wang yong lun@4主编 |
| 801 | 0 | @aCN@b91MARC@c20171020 |
| 905 | @b1031785-9@dU466@f5@e535 | |
| 汽车制造工艺基础/王永伦主编.-北京:机械工业出版社,2017.8 |
| 255页:图;26cm |
| 高等职业教育“十二五”规划教材 汽车类 |
| ISBN 978-7-111-36742-0:CNY39.90 |
| 本书介绍了汽车制造工艺过程基本知识、机床夹具、工件的定位与装夹、机械加工质量、机械加工工艺规程、汽车车身制造工艺等十个方面内容。 |
| ● |
| 相关链接 |
|
|
|
|
正题名:汽车制造工艺基础
索取号:U466/535
 
预约/预借
| 序号 | 登录号 | 条形码 | 馆藏地/架位号 | 状态 | 备注 |
| 1 | 1031785 | 210317851 | 第二样本阅览室/ [索取号:U466/535] | 在馆 | |
| 2 | 1031786 | 210317860 | 密集书库-物理学院/ [索取号:U466/535] | 在馆 | |
| 3 | 1031787 | 210317879 | 第三借阅区/ [索取号:U466/535] | 在馆 | |
| 4 | 1031788 | 210317888 | 第三借阅区/ [索取号:U466/535] | 在馆 | |
| 5 | 1031789 | 210317897 | 第三借阅区/ [索取号:U466/535] | 在馆 |